| 000 | 00650nam a2200217 a 4500 | ||
|---|---|---|---|
| 999 |
_c3795 _d3795 |
||
| 003 | ALUPE UNIVERSITY | ||
| 005 | 20220210103840.0 | ||
| 008 | 980121s1997 enka 001 0 eng d | ||
| 020 | _a0727910108 | ||
| 040 | _cALUPE UNIVERSITY | ||
| 050 |
_aRC681 _b.C87 1998 |
||
| 245 | 0 | 0 |
_aCurrent issues in cardiology : _bmanagement strategies / _cedited by Jean R. McEwan. |
| 260 |
_aLondon : _bBMJ, _cc1998. |
||
| 300 |
_aix, 245 p. : _bill. ; _c24 cm. |
||
| 504 | _aIncludes index. | ||
| 650 | 0 | _aCardiology. | |
| 650 | 0 |
_aCardiovascular system _xDiseases _xManagement. |
|
| 700 | 1 | _aMcEwan, Jean R. | |
| 942 |
_2lcc _cBK _nWO |
||